Urgencias en cirugía (Registro nro. 64752)

Detalles MARC
000 -ENCABEZADO
Número de control [NR] 00853nam a2200241Ia 4500
008 - DE LONGITUD FIJA DE DATOS DE ELEMENTOS - INFORMACIÓN GENERAL
Elementos de longitud fija [NR] 130821s1977 ck a gr spa
040 ## - FUENTE DE CATALOGACION [NR]
Agencia de catalogación original [NR] Co-BoUCM
Idioma de catalogación [NR] spa
041 00 - CODIGO DE IDIOMA [R]
Código de idioma para texto/pista de sonido o título separado [R] Español
092 ## - SIGNATURA TOPOGRAFICA LOCAL
Número de clasificación local FMR 0167
245 00 - MENCION DE TITULO [NR]
Título [NR] Urgencias en cirugía
Mención de responsabilidad, etc. [NR] editores, Jaime Escobar Triana, Gerardo Aristizabal Aristizabal, Alvaro Murcia Gómez
250 ## - MENCION DE EDICION [NR]
Mención de edición [NR] 2a ed.
260 ## - PUBLICACION, DISTRIBUCION, ETC. (PIE DE IMPRENTA) [R]
Lugar de publicación, distribución, etc. [R] Bogotá (Colombia)
Nombre del editor, distribuidor, etc. [R] Stella
Fecha de publicación, distribución, etc. [R] 1977
300 ## - DESCRIPCION FISICA [R]
Extensión [R] 950 páginas
Otros detalles físicos [NR] cuadros
500 ## - NOTA GENERAL [R]
Nota general [NR] Libro disponible en 48 horas a partir de la solicitud.
504 ## - NOTA DE BIBLIOGRAFIA, ETC. [R]
Nota de bibliografía, etc. [NR]
650 04 - ASIENTO SECUNDARIO DE MATERIA - TERMINO TEMATICO [R]
Término temático o nombre geográfico como elemento de entrada [NR] Anestesiología
9 (RLIN) 94
650 04 - ASIENTO SECUNDARIO DE MATERIA - TERMINO TEMATICO [R]
Término temático o nombre geográfico como elemento de entrada [NR] Cirugía
9 (RLIN) 7407
650 04 - ASIENTO SECUNDARIO DE MATERIA - TERMINO TEMATICO [R]
Término temático o nombre geográfico como elemento de entrada [NR] Urgencias médicas
9 (RLIN) 26003
700 1# - ASIENTO SECUNDARIO - NOMBRE PERSONAL [R]
Nombre personal [NR] Aristizabal Aristizabal, Gerardo
Término de relación [R]
9 (RLIN) 166221
700 1# - ASIENTO SECUNDARIO - NOMBRE PERSONAL [R]
Nombre personal [NR] Escobar Triana, Jaime
Término de relación [R]
9 (RLIN) 88188
700 1# - ASIENTO SECUNDARIO - NOMBRE PERSONAL [R]
Nombre personal [NR] Murcia Gómez, Alvaro
Término de relación [R]
9 (RLIN) 166222
942 ## - ELEMENTOS DE ENTRADA AGREGADOS (KOHA)
Tipo de ítem principal el descrito en 300a Libro
Tema principal Medicina
Edición 2
Título oculto en OPAC No
Existencias
Fecha de último préstamo Signatura topográfica Código de barras Última vez visto Volúmen / Fascículo Ejemplar Price effective from Tipo de ítem Nota pública (OPAC) Perdido Sistema de clasificación Dañado No prestable Tipo de ítem específico Suprimido Ubicación habitual Ubicación actual Localización Fecha de creación Forma de adquisición Costo
05/03/2010 ~ 100103382 04/12/2025 FMR 0167 Ej.1 03/02/2013 Libro Galería de donantes   LOCAL     Fondos especiales   Claustro Claustro Procesos Técnicos 28/02/2010 Donación 26000.00